[Event "Titled Tue 3rd Jun Early"]
[Site "chess.com INT"]
[Date "2025.06.03"]
[Round "1"]
[White "Donoso Aguirre, Maximiliano"]
[Black "Bukreev, Stanislav"]
[Result "0-1"]
[WhiteTitle "CM"]
[BlackTitle "FM"]
[WhiteElo "2002"]
[BlackElo "2328"]
[WhiteFideId "3458920"]
[BlackFideId "34252347"]
[EventDate "2025.06.03"]

1. e4 e6 2. d4 d5 3. Nc3 Nf6 4. e5 Nfd7 5. f4 c5 6. Nf3 Nc6 7. Be3 a6 8. Qd2 b5
9. Be2 Qa5 10. O-O b4 11. Nd1 Qb6 12. c4 cxd4 13. Nxd4 Nxd4 14. Bxd4 Bc5 15.
Bxc5 Qxc5+ 16. Kh1 dxc4 17. Rc1 Nb6 18. Ne3 a5 19. Nxc4 Nxc4 20. Rxc4 Qb6 21.
Bf3 Ba6 22. Bxa8 Bxc4 23. Rc1 O-O 24. Rxc4 Rxa8 25. Qc1 Rd8 26. h3 h5 27. Rc8 a4
28. Rxd8+ Qxd8 29. Qc4 Qd2 30. a3 Qxb2 31. axb4 a3 32. Qc8+ Kh7 33. Qc4 Qb1+ 0-1

[Event "Titled Tue 3rd Jun Early"]
[Site "chess.com INT"]
[Date "2025.06.03"]
[Round "1"]
[White "Emeliantsev, Anatoliy"]
[Black "Haussernot, Cecile"]
[Result "0-1"]
[WhiteTitle "FM"]
[BlackTitle "WIM"]
[WhiteElo "2359"]
[BlackElo "2108"]
[WhiteFideId "4160681"]
[BlackFideId "601632"]
[EventDate "2025.06.03"]

1. d4 d5 2. c4 c6 3. Nc3 Nf6 4. Nf3 e6 5. Qd3 dxc4 6. Qxc4 b5 7. Qd3 b4 8. Ne4
Ba6 9. Nxf6+ Qxf6 10. Qc2 Bd6 11. Bg5 Qg6 12. Qxg6 hxg6 13. Rc1 f6 14. Bd2 Ke7
15. e4 Bxf1 16. Kxf1 a5 17. e5 Bc7 18. g3 g5 19. Kg2 g4 20. Nh4 Kf7 21. f4 Rd8
22. Be3 Bb6 23. Rhd1 a4 24. h3 f5 25. hxg4 fxg4 26. f5 Ra5 27. fxe6+ Kxe6 28.
Ng6 b3 29. a3 c5 30. Nf4+ Kf5 31. dxc5 Rxd1 32. Rxd1 Bxc5 33. Bxc5 Rxc5 34. e6
Rc2+ 35. Kg1 Nc6 36. Rd5+ Kf6 37. Rd7 Ne7 38. Rd6 g5 39. Nd5+ Ke5 0-1

[Event "Titled Tue 3rd Jun Early"]
[Site "chess.com INT"]
[Date "2025.06.03"]
[Round "1"]
[White "Palmer, Reegan"]
[Black "Sethuraman, Roshan"]
[Result "1/2-1/2"]
[WhiteTitle "CM"]
[WhiteElo "2057"]
[BlackElo "2074"]
[WhiteFideId "14322145"]
[BlackFideId "30965250"]
[EventDate "2025.06.03"]

1. e4 c5 2. c4 Nc6 3. Nc3 Nf6 4. g3 d6 5. Bg2 g6 6. Nge2 Bg7 7. d3 e6 8. O-O Nd7
9. h3 Nd4 10. f4 O-O 11. Be3 Nb8 12. a3 Nbc6 13. Rb1 a5 14. g4 f5 15. exf5 gxf5
16. g5 h6 17. h4 hxg5 18. hxg5 Qe8 19. Ng3 Qg6 20. Kf2 Kf7 21. Rh1 Ke7 22. Nce2
Bd7 23. Bxd4 Nxd4 24. Nc3 Bc6 25. Bxc6 bxc6 26. Qh5 Kf7 27. Nce2 Rh8 28. Qxg6+
Kxg6 29. Nxd4 Bxd4+ 30. Kf3 Rab8 31. Rxh8 Bxh8 32. Rh1 Bg7 33. Rh2 Rxb2 34. Rxb2
Bxb2 35. a4 e5 36. Ne2 d5 37. Ke3 Bd4+ 38. Nxd4 cxd4+ 39. Kf3 e4+ 40. Ke2 Kh5
41. cxd5 cxd5 42. Kf2 Kg6 43. Ke2 Kf7 44. Kd2 Ke6 45. Ke2 Kd6 46. Kd2 Kd7 47.
Ke2 Kd8 48. Kd2 Ke7 49. Ke2 Kf7 50. Kd2 e3+ 51. Ke2 Kg6 52. Kf3 Kh5 53. Ke2 Kg6
54. Kf3 Kf7 55. Ke2 Ke6 56. Kf3 Kd6 57. Ke2 Kd7 58. Ke1 Ke7 59. Ke2 Kd6 60. Kf3
Ke6 61. Ke2 Kf7 62. Kf3 Kg6 63. Ke2 Kh5 64. Kf3 Kg6 65. Ke2 Kh7 66. Kf3 Kg7 67.
Ke2 1/2-1/2

[Event "Titled Tue 3rd Jun Early"]
[Site "chess.com INT"]
[Date "2025.06.03"]
[Round "1"]
[White "Nguyen Quang Anh"]
[Black "Brozynski, Patryk"]
[Result "1-0"]
[WhiteTitle "CM"]
[BlackTitle "CM"]
[WhiteElo "2052"]
[BlackElo "2219"]
[WhiteFideId "12432377"]
[BlackFideId "2512700"]
[EventDate "2025.06.03"]

1. d4 Nf6 2. c4 c6 3. Nc3 d5 4. Bg5 e6 5. cxd5 exd5 6. e3 Be7 7. Bd3 h6 8. Bh4
O-O 9. Qc2 b6 10. Nge2 Ba6 11. Bxa6 Nxa6 12. O-O Qd7 13. f3 Ne8 14. Bf2 Nd6 15.
e4 Rac8 16. e5 Nf5 17. Qa4 Qb7 18. g4 Nh4 19. Bxh4 Bxh4 20. f4 c5 21. Rad1 cxd4
22. Qxd4 Rfd8 23. f5 Be7 24. Qf4 Bg5 25. Qf3 Nc5 26. Nxd5 Qa6 27. f6 g6 28. Ne7+
Kh7 29. Nxc8 Rxc8 30. Ng3 Ne6 31. Rd7 Rf8 32. Qd5 Be3+ 33. Kg2 Kg8 34. Qf3 Nf4+
35. Kh1 Qxa2 36. Qxe3 Ne6 37. Qc3 Qa4 38. Rfd1 Qxg4 39. Qe3 Qh3 40. R7d2 Qg4 41.
Qe4 Qh3 42. Qg2 Qg4 43. Ne4 Qh5 44. Nd6 Qxe5 45. Nxf7 Rxf7 46. Qxg6+ Kf8 47.
Rd8+ Nxd8 48. Rxd8+ Qe8 49. Rxe8+ Kxe8 50. Qg8+ Rf8 51. Qe6+ Kd8 52. Qe7+ Kc8
53. Qxf8+ Kb7 54. Qe7+ Ka6 55. f7 Kb5 56. f8=Q 1-0

[Event "Titled Tue 3rd Jun Early"]
[Site "chess.com INT"]
[Date "2025.06.03"]
[Round "1"]
[White "Jiganchine, Roman"]
[Black "Asish Panda"]
[Result "1-0"]
[WhiteTitle "CM"]
[WhiteElo "2205"]
[BlackElo "1911"]
[WhiteFideId "2603667"]
[BlackFideId "45012458"]
[EventDate "2025.06.03"]

1. Nf3 d5 2. e3 Nf6 3. c4 e6 4. b3 Be7 5. Bb2 O-O 6. Nc3 b6 7. d4 Bb7 8. Bd3 Ne4
9. O-O f5 10. Ne5 Nd7 11. Ne2 Rf6 12. f3 Ng5 13. Nf4 Rh6 14. Qe1 Nxe5 15. dxe5
Nf7 16. cxd5 Bxd5 17. Rd1 Qf8 18. Bxf5 Ng5 19. Nxd5 exd5 20. Bg4 Rd8 21. Qg3 Kh8
22. Rd4 Bc5 23. Rd3 c6 24. Kh1 Qe7 25. e6 Nxe6 26. e4 d4 27. e5 Rg6 28. Bc1 Nc7
29. Qh3 Nd5 30. Bf5 Qf7 31. Bxg6 Qxg6 32. f4 Re8 33. f5 Qf7 34. e6 Qf6 35. Qg3
Rxe6 36. Rdf3 Re8 37. Bg5 Qf7 38. f6 g6 39. Bh6 Kg8 40. Bg7 Ne3 41. Qh4 Nxf1 42.
Qxh7+ Kxh7 43. Rh3+ Kg8 44. Rh8# 1-0

[Event "Titled Tue 3rd Jun Early"]
[Site "chess.com INT"]
[Date "2025.06.03"]
[Round "1"]
[White "Gholami Orimi, Mahdi"]
[Black "Buscar, Michael"]
[Result "1-0"]
[WhiteTitle "GM"]
[WhiteElo "2511"]
[BlackElo "2016"]
[WhiteFideId "12558486"]
[BlackFideId "2603616"]
[EventDate "2025.06.03"]

1. Nf3 d5 2. b3 Nf6 3. Bb2 Bg4 4. h3 Bxf3 5. exf3 e6 6. g3 c6 7. Bg2 Nbd7 8. O-O
Be7 9. f4 O-O 10. d3 a5 11. a3 Qb6 12. Nc3 Rfe8 13. Rb1 Qa7 14. Ne2 b5 15. Nd4
Qb6 16. g4 Nf8 17. Qd2 Bc5 18. Nf3 Bd6 19. Rbe1 N6d7 20. f5 e5 21. Kh1 Qc7 22.
c4 bxc4 23. bxc4 Rab8 24. Qc2 d4 25. Nd2 Nc5 26. Ne4 Nxe4 27. Bxe4 Nd7 28. f4
Nc5 29. fxe5 Bxe5 30. Bg2 f6 31. a4 Kf7 32. Ba3 Qa7 33. g5 Rec8 34. Qe2 Rb3 35.
gxf6 Bxf6 36. Qh5+ Kf8 37. Bxc6 1-0

[Event "Titled Tue 3rd Jun Early"]
[Site "chess.com INT"]
[Date "2025.06.03"]
[Round "1"]
[White "Rentsen, Erdenetulga"]
[Black "Deac, Bogdan-Daniel"]
[Result "0-1"]
[BlackTitle "GM"]
[WhiteElo "2182"]
[BlackElo "2668"]
[WhiteFideId "4901320"]
[BlackFideId "1226380"]
[EventDate "2025.06.03"]

1. e4 e6 2. d4 d5 3. Nd2 dxe4 4. Nxe4 Bd7 5. Nf3 Bc6 6. Bd3 Nd7 7. Qe2 Ngf6 8.
Nxf6+ Nxf6 9. c3 Bd6 10. O-O Bxf3 11. Qxf3 c6 12. Bg5 h6 13. Bxf6 gxf6 14. Rfe1
Kf8 15. Rad1 f5 16. c4 Bb4 17. Rf1 Qxd4 18. Bxf5 Qf6 19. Qb3 a5 20. Be4 Qe5 21.
Bf3 Kg7 22. Rd7 Rad8 23. Rxb7 Rd2 24. Bxc6 Rxb2 25. Qf3 Rf8 26. Qg4+ Qg5 27.
Qd4+ Qf6 28. Qg4+ Kh8 29. Be4 Rxf2 30. Rxf2 Qa1+ 31. Rf1 Bc5+ 0-1

[Event "Titled Tue 3rd Jun Early"]
[Site "chess.com INT"]
[Date "2025.06.03"]
[Round "1"]
[White "Miserendino, Alfredo"]
[Black "Demchenko, Yaroslav"]
[Result "0-1"]
[BlackTitle "CM"]
[WhiteElo "2032"]
[BlackElo "2286"]
[WhiteFideId "101800"]
[BlackFideId "14186667"]
[EventDate "2025.06.03"]

1. e4 e6 2. d4 d5 3. Nc3 dxe4 4. Nxe4 Nd7 5. Bd3 Ngf6 6. Qe2 b6 7. Nf3 Bb7 8.
Ne5 Nxe5 9. dxe5 Nd5 10. a3 a6 11. O-O h6 12. Rd1 Qc8 13. c4 Ne7 14. b4 Nf5 15.
Bb2 Be7 16. Rac1 O-O 17. c5 bxc5 18. Nxc5 Bxc5 19. Rxc5 Rd8 20. h3 Rd7 21. Bxf5
Rxd1+ 22. Qxd1 exf5 23. Qc2 Be4 24. Qc3 Qe6 25. Rxc7 Rd8 26. f3 Rd1+ 27. Kh2 Bd5
28. Rc8+ Kh7 29. Rc5 h5 30. Qe3 Qg6 31. Qf2 Qg5 32. Rc2 h4 33. Re2 f4 34. e6
Qg3+ 35. Qxg3 fxg3# 0-1

[Event "Titled Tue 3rd Jun Early"]
[Site "chess.com INT"]
[Date "2025.06.03"]
[Round "1"]
[White "Moeller, Maurin"]
[Black "Cahaya, Satria Duta"]
[Result "0-1"]
[WhiteTitle "FM"]
[BlackTitle "FM"]
[WhiteElo "2291"]
[BlackElo "2416"]
[WhiteFideId "16265696"]
[BlackFideId "7124252"]
[EventDate "2025.06.03"]

1. c4 e5 2. g3 Nc6 3. Bg2 Bc5 4. Nc3 a6 5. Nf3 d6 6. O-O Nf6 7. d3 h6 8. a3 Ba7
9. b4 O-O 10. Rb1 Bf5 11. Nd2 Qd7 12. Re1 Bh3 13. Kh1 Bxf2 14. Rf1 Bd4 15. Rxf6
Bxg2+ 16. Kxg2 Bxc3 17. Ne4 Bd4 18. Bxh6 Qg4 19. h3 Qh5 20. Qe1 g6 21. Bxf8 Rxf8
22. g4 Qh6 23. g5 Qg7 24. e3 Ba7 25. Qg3 Ne7 26. Re1 Qh8 27. Qg4 d5 28. cxd5
Nxd5 29. Rf3 Rd8 30. h4 Qg7 31. h5 gxh5 32. Qxh5 Ne7 33. Nf6+ Kf8 34. e4 Ng6 35.
Ref1 Nf4+ 36. Rxf4 exf4 37. Rxf4 Rxd3 38. Nd5 Qb2+ 0-1

[Event "Titled Tue 3rd Jun Early"]
[Site "chess.com INT"]
[Date "2025.06.03"]
[Round "1"]
[White "Vidal Melendez, Ismael David"]
[Black "Redor, Menandro"]
[Result "1-0"]
[WhiteTitle "FM"]
[WhiteElo "2294"]
[BlackElo "2021"]
[WhiteFideId "3901718"]
[BlackFideId "5222010"]
[EventDate "2025.06.03"]

1. d4 d5 2. c4 e6 3. Nc3 Nf6 4. Bg5 Be7 5. cxd5 exd5 6. e3 O-O 7. Qc2 c6 8. Bd3
h6 9. Bh4 Nbd7 10. Nf3 c5 11. O-O c4 12. Bf5 Nb6 13. Ne5 Bxf5 14. Qxf5 Qc8 15.
Qf3 Qe6 16. Rfe1 Rad8 17. Bg3 Ne4 18. Nxe4 dxe4 19. Qxe4 f6 20. Qg6 Bd6 21. Nf3
Bxg3 22. hxg3 Nd5 23. e4 Ne7 24. Qh5 Qb6 25. Re2 Nc6 26. d5 Nd4 27. Nxd4 Qxd4
28. Rc1 Rfe8 29. Qf3 Re5 30. Kf1 Qc5 31. b3 b5 32. Qc3 Rde8 33. f3 Qc6 34. dxc6
Rc5 35. bxc4 1-0

[Event "Titled Tue 3rd Jun Early"]
[Site "chess.com INT"]
[Date "2025.06.03"]
[Round "1"]
[White "Andrews, Todd"]
[Black "Stichter, Constantin Paul"]
[Result "1-0"]
[WhiteTitle "FM"]
[BlackTitle "CM"]
[WhiteElo "2097"]
[BlackElo "2209"]
[WhiteFideId "2012456"]
[BlackFideId "34603140"]
[EventDate "2025.06.03"]

1. d4 e6 2. c4 Ne7 3. Nf3 d5 4. e3 g6 5. Bd3 Bg7 6. O-O O-O 7. b3 c5 8. Bb2 Nbc6
9. Ne5 Nxe5 10. dxe5 Nc6 11. f4 d4 12. Qe2 b6 13. a3 Bb7 14. Nd2 Rc8 15. Ne4 Ne7
16. Nd6 Rc7 17. exd4 cxd4 18. Bxd4 Nf5 19. Bxf5 exf5 20. Rad1 Ba8 21. Bb2 Rd7
22. Rd2 Qc7 23. Rfd1 Rfd8 24. h3 Qc6 25. Kh2 h5 26. b4 h4 27. b5 Qc5 28. Qf2
Qxf2 29. Rxf2 Be4 30. Rfd2 Bh6 31. g3 hxg3+ 32. Kxg3 g5 33. Nxe4 gxf4+ 34. Kf2
fxe4 35. Rxd7 Rxd7 36. Rxd7 f3 37. Bd4 Bg5 38. Be3 Bh4+ 39. Kf1 Kg7 40. e6 Kf6
41. exf7 Ke6 42. f8=Q Kxd7 43. Qf5+ Kc7 44. Qxe4 a6 45. bxa6 b5 46. cxb5 f2 47.
Qxh4 Kb8 48. Qe7 Kc8 49. b6 Kb8 50. Qb7# 1-0

[Event "Titled Tue 3rd Jun Early"]
[Site "chess.com INT"]
[Date "2025.06.03"]
[Round "1"]
[White "Miranda Camus, Joaquin Ignacio"]
[Black "Dominguez Exposito, Ibon"]
[Result "0-1"]
[WhiteTitle "FM"]
[BlackTitle "CM"]
[WhiteElo "2196"]
[BlackElo "2201"]
[WhiteFideId "3449300"]
[BlackFideId "54589452"]
[EventDate "2025.06.03"]

1. d4 d5 2. Bf4 Nf6 3. e3 c5 4. c3 Nc6 5. Nd2 e6 6. Bd3 Bd6 7. Bxd6 Qxd6 8. f4
b6 9. Ngf3 Bb7 10. Ne5 O-O 11. O-O Ne7 12. Qf3 Rfd8 13. g4 Nd7 14. Rf2 f6 15.
Nxd7 Qxd7 16. g5 f5 17. h4 a5 18. h5 Ba6 19. Bxa6 Rxa6 20. Qe2 Raa8 21. Nf3 Nc6
22. Ne5 Nxe5 23. fxe5 a4 24. a3 Rab8 25. Rd1 Rdc8 26. g6 h6 27. e4 dxe4 28. dxc5
Qe7 29. Rd6 Rxc5 30. Qd2 Rxe5 31. Rd7 Qg5+ 32. Qxg5 hxg5 33. h6 gxh6 34. Rh2 Rd5
35. Re7 Rd1+ 36. Kg2 Rd2+ 37. Kg3 Rxh2 38. Kxh2 b5 39. Rxe6 Kg7 40. Kg3 Rd8 41.
Re5 Kxg6 42. Rxb5 Rd3+ 43. Kf2 f4 44. c4 Rd2+ 45. Ke1 e3 46. c5 f3 47. c6 f2+
48. Kf1 Rd1+ 0-1

[Event "Titled Tue 3rd Jun Early"]
[Site "chess.com INT"]
[Date "2025.06.03"]
[Round "1"]
[White "Sharshenbekov, Emir"]
[Black "Neustroev, Victor"]
[Result "1-0"]
[WhiteTitle "CM"]
[BlackTitle "FM"]
[WhiteElo "2091"]
[BlackElo "2283"]
[WhiteFideId "13810634"]
[BlackFideId "4144147"]
[EventDate "2025.06.03"]

1. e4 c5 2. Nf3 e6 3. d4 cxd4 4. Nxd4 a6 5. Nc3 Qc7 6. Be2 Nf6 7. O-O Be7 8. Be3
O-O 9. f4 d6 10. Qe1 Nc6 11. Rd1 Re8 12. Qg3 Bd7 13. f5 Nxd4 14. Bxd4 e5 15. Be3
Bc6 16. Bf3 b5 17. a3 Qb7 18. Bg5 Rad8 19. Rd3 b4 20. axb4 Qxb4 21. b3 Rc8 22.
Rfd1 Kh8 23. Qe1 Nxe4 24. Bxe7 Nxc3 25. Qxc3 Qb6+ 26. Kh1 Bxf3 27. Qxc8 Rxc8 28.
Rxd6 Bc6 29. Rd8+ Rxd8 30. Rxd8+ Qxd8 31. Bxd8 1-0

[Event "Titled Tue 3rd Jun Early"]
[Site "chess.com INT"]
[Date "2025.06.03"]
[Round "1"]
[White "Jake Shanty"]
[Black "Calvo Gonzalez, Jose Felix"]
[Result "1-0"]
[WhiteTitle "FM"]
[BlackTitle "CM"]
[WhiteElo "2252"]
[BlackElo "2168"]
[WhiteFideId "33478066"]
[BlackFideId "54505615"]
[EventDate "2025.06.03"]

1. Nf3 Nf6 2. b3 g6 3. Bb2 Bg7 4. c4 O-O 5. g3 c5 6. Bg2 Nc6 7. O-O b6 8. d4
cxd4 9. Nxd4 Bb7 10. Nc3 Qc8 11. Nf3 Rd8 12. Rc1 d6 13. Qd2 Qd7 14. Rfd1 Rac8
15. Nd5 Nxd5 16. Bxg7 Kxg7 17. cxd5 Ne5 18. Nd4 Rxc1 19. Rxc1 Rc8 20. Nc6 f6 21.
Qc3 e6 22. dxe6 Qxe6 23. Nd4 Qd7 24. Qd2 Rxc1+ 25. Qxc1 Bxg2 26. Kxg2 Qb7+ 27.
f3 Kf7 28. Qc3 h5 29. Kf2 h4 30. Nb5 Qd5 31. Nxa7 hxg3+ 32. hxg3 Qc5+ 33. Qxc5
dxc5 34. Nc8 Ke6 35. Nxb6 Nc6 36. Nc4 Nb4 37. a3 Kd5 38. axb4 1-0

[Event "Titled Tue 3rd Jun Early"]
[Site "chess.com INT"]
[Date "2025.06.03"]
[Round "1"]
[White "Hobaica, Juan Pablo"]
[Black "Paichadze, Luka"]
[Result "0-1"]
[WhiteTitle "IM"]
[BlackTitle "GM"]
[WhiteElo "2412"]
[BlackElo "2529"]
[WhiteFideId "104159"]
[BlackFideId "13602934"]
[EventDate "2025.06.03"]

1. e4 c6 2. d3 d5 3. Nd2 e5 4. Ngf3 Bd6 5. d4 exd4 6. exd5 Nf6 7. Nxd4 Nxd5 8.
N2f3 O-O 9. Be2 Nf4 10. Bxf4 Bxf4 11. O-O Nd7 12. c3 Nf6 13. Qc2 Bg4 14. Rfe1
Qc7 15. h3 Bh5 16. Nd2 Bg6 17. Bd3 Rad8 18. Bxg6 hxg6 19. Ne4 Rfe8 20. Nxf6+
gxf6 21. Rxe8+ Rxe8 22. Kf1 Qe5 23. Nf3 Qb5+ 24. c4 Qc5 25. Re1 Rxe1+ 26. Nxe1
Bc7 27. Qe2 Kg7 28. b3 Qd4 29. g3 a5 30. Kg2 Bd6 31. Qd3 Qc5 32. Nf3 b5 33. cxb5
cxb5 34. a4 bxa4 35. bxa4 Bc7 36. Qb3 Bb6 37. Qa2 Qc3 38. h4 Ba7 39. Ng1 Qc6+
40. Nf3 Qe4 41. Qa1 Qc2 42. Qf1 Qxa4 43. h5 Qc6 44. hxg6 fxg6 45. Qe2 Bc5 46.
Qc4 a4 47. Qf4 a3 48. Qc4 Qa8 49. g4 a2 0-1

[Event "Titled Tue 3rd Jun Early"]
[Site "chess.com INT"]
[Date "2025.06.03"]
[Round "1"]
[White "Kulnev, Aleksandr"]
[Black "Gadzhiev, Ruslan"]
[Result "0-1"]
[WhiteTitle "CM"]
[BlackTitle "CM"]
[WhiteElo "2213"]
[BlackElo "2169"]
[WhiteFideId "54157544"]
[BlackFideId "55671926"]
[EventDate "2025.06.03"]

1. Nf3 d5 2. d4 Nf6 3. c4 e6 4. g3 Be7 5. Bg2 O-O 6. O-O c5 7. cxd5 exd5 8. Nc3
h6 9. b3 Nc6 10. Bb2 Bg4 11. Ne5 Bh5 12. Nxc6 bxc6 13. dxc5 Bxc5 14. Na4 Bb6 15.
Qd3 Re8 16. e3 Bg6 17. Qa6 Ne4 18. Rac1 Nxf2 19. Rxf2 Bxe3 20. Rf1 Be4 21. Kh1
Bxf2 22. Rxf2 Qd6 23. Qb7 Qg6 24. Nc5 a5 25. Nd7 Bxg2+ 26. Kxg2 Qe4+ 27. Kg1 Qe7
28. Nc5 Qxb7 29. Nxb7 a4 30. Nd6 Re6 31. Nxf7 axb3 32. axb3 Rae8 33. Bd4 R8e7
34. Nd8 Rd6 0-1

[Event "Titled Tue 3rd Jun Early"]
[Site "chess.com INT"]
[Date "2025.06.03"]
[Round "1"]
[White "Perossa, Nicolas"]
[Black "Sahetchian, Armand"]
[Result "1-0"]
[WhiteTitle "FM"]
[BlackTitle "CM"]
[WhiteElo "2262"]
[BlackElo "2024"]
[WhiteFideId "2850520"]
[BlackFideId "607150"]
[EventDate "2025.06.03"]

1. e4 c6 2. Nc3 d5 3. Nf3 Bg4 4. h3 Bxf3 5. Qxf3 e6 6. d3 Nf6 7. Bg5 Nbd7 8.
O-O-O Qa5 9. Kb1 dxe4 10. Qe3 exd3 11. Bxd3 Bc5 12. Qf4 O-O 13. Ne4 Be7 14. Qh4
h6 15. Bxh6 gxh6 16. Qxh6 Qh5 17. Qe3 Nd5 18. Qe1 N7f6 19. g4 Qh4 20. Ng3 Nf4
21. Bf1 Rad8 22. Rc1 N6d5 23. Qe4 Qh7 24. Qf3 Kh8 25. h4 Rg8 26. g5 e5 27. Ne4
Qf5 28. Bh3 Qg6 29. Bg4 Nb4 30. h5 Qg7 31. g6 Qh6 32. Bf5 f6 33. Ng3 Nbd5 34.
Be4 Qg5 35. Nf5 1-0

[Event "Titled Tue 3rd Jun Early"]
[Site "chess.com INT"]
[Date "2025.06.03"]
[Round "1"]
[White "Joseph Benher, Savio"]
[Black "Amarasinghe, A A C B"]
[Result "1-0"]
[BlackTitle "CM"]
[WhiteElo "2115"]
[BlackElo "1949"]
[WhiteFideId "2629453"]
[BlackFideId "9901809"]
[EventDate "2025.06.03"]

1. e4 e6 2. d4 d5 3. Nc3 Bb4 4. Ne2 Nf6 5. e5 Nfd7 6. a3 Be7 7. b4 a5 8. b5 c5
9. f4 Qc7 10. Be3 Nb6 11. Ng3 cxd4 12. Bxd4 Bc5 13. Be2 N8d7 14. O-O Bxd4+ 15.
Qxd4 Qc5 16. Rfd1 Qxd4+ 17. Rxd4 Nc5 18. f5 Bd7 19. Nh5 Rg8 20. Rg4 Kf8 21. f6
g6 22. Ng7 Rc8 23. Rd1 Be8 24. Rg3 Ncd7 25. Re3 Nxe5 26. Nxd5 Nxd5 27. Rxd5 exd5
28. Rxe5 Rxg7 29. fxg7+ Kxg7 30. Re7 Rxc2 31. Rxe8 d4 32. Kf1 Rc3 33. Re7 d3 34.
Bf3 Rxa3 35. Rxb7 Rb3 36. Ke1 Rb2 37. Bc6 a4 38. Ra7 Re2+ 39. Kd1 Rb2 40. Rxa4
Kf6 41. Rd4 Rb3 42. Kd2 Ke5 43. Rxd3 Rb2+ 44. Kc3 1-0

[Event "Titled Tue 3rd Jun Early"]
[Site "chess.com INT"]
[Date "2025.06.03"]
[Round "1"]
[White "Aronian, Levon"]
[Black "Levitan, Caleb Levi"]
[Result "1-0"]
[WhiteTitle "GM"]
[BlackTitle "FM"]
[WhiteElo "2747"]
[BlackElo "2333"]
[WhiteFideId "13300474"]
[BlackFideId "14332620"]
[EventDate "2025.06.03"]

1. c4 e6 2. g3 d5 3. Bg2 Nf6 4. Nf3 dxc4 5. Qa4+ Bd7 6. Qxc4 c5 7. Ne5 Qc8 8.
Qd3 Nc6 9. Nxd7 Qxd7 10. Qxd7+ Kxd7 11. Nc3 Rc8 12. d3 Be7 13. Bf4 Rhd8 14.
O-O-O Ke8 15. Kb1 a6 16. Rc1 b5 17. Rhd1 Nd5 18. Nxd5 exd5 19. Bh3 Ra8 20. Bc7
Rd7 21. Bxd7+ Kxd7 22. Bb6 Nd4 23. Bxc5 Nxe2 24. Rc2 Bxc5 25. d4 Bd6 26. Rxe2
Rc8 27. Rc1 Rb8 28. Kc2 a5 29. Kd3 a4 30. Rec2 b4 31. b3 axb3 32. axb3 Ra8 33.
h4 Ra3 34. Rb2 Ra6 35. Rcc2 Bc7 36. Ra2 Rf6 37. Ra7 Rf3+ 38. Ke2 Rc3 39. Rxc3 1-0

[Event "Titled Tue 3rd Jun Early"]
[Site "chess.com INT"]
[Date "2025.06.03"]
[Round "1"]
[White "Zenin, Dmitry"]
[Black "Drygalov, Sergey"]
[Result "1-0"]
[WhiteTitle "FM"]
[BlackTitle "GM"]
[WhiteElo "2115"]
[BlackElo "2560"]
[WhiteFideId "4127897"]
[BlackFideId "24171743"]
[EventDate "2025.06.03"]

1. d4 Nf6 2. c4 e6 3. Nc3 Bb4 4. Qc2 O-O 5. e4 d5 6. e5 Ne4 7. Bd3 c5 8. Nf3
cxd4 9. Nxd4 Nd7 10. Bf4 Ndc5 11. O-O Bxc3 12. bxc3 Bd7 13. cxd5 exd5 14. c4
Nxd3 15. Qxd3 Nc5 16. Qg3 Ne4 17. Qe3 Be6 18. Nxe6 fxe6 19. f3 Nc3 20. Qxc3 Rxf4
21. cxd5 Qxd5 22. Rfd1 Qb5 23. Rd6 Rc4 24. Qe3 Rc6 25. Rad1 Qa5 26. Rd7 Qb6 27.
Qxb6 Rxb6 28. Re7 Rc8 29. Rdd7 Rb2 30. Rxg7+ Kf8 31. h4 Rcc2 32. Kh2 h5 33. Rxb7
Rxb7 34. Rxb7 Rxa2 35. Rh7 a5 36. Rxh5 Kg7 37. Rg5+ Kf7 38. h5 Rb2 39. h6 a4 40.
Rg7+ Kf8 41. Ra7 Kg8 42. Rxa4 Rb6 43. g4 Kh7 44. g5 Kg6 45. Rh4 Rb7 46. f4 Rh7
47. Kg3 Kf5 48. Rh1 Kg6 49. Kg4 Rb7 50. h7 Rxh7 51. Rxh7 Kxh7 52. Kh5 Kg7 53. g6 1-0

[Event "Titled Tue 3rd Jun Early"]
[Site "chess.com INT"]
[Date "2025.06.03"]
[Round "1"]
[White "Bortnyk, Olexandr"]
[Black "Novosel, Lovro"]
[Result "1-0"]
[WhiteTitle "GM"]
[BlackTitle "FM"]
[WhiteElo "2601"]
[BlackElo "2346"]
[WhiteFideId "14120828"]
[BlackFideId "14547120"]
[EventDate "2025.06.03"]

1. e4 c5 2. Nf3 d6 3. Bb5+ Bd7 4. a4 Nf6 5. Nc3 e6 6. O-O Be7 7. e5 dxe5 8. Nxe5
O-O 9. Nxd7 Nbxd7 10. Re1 a6 11. Bf1 Nb8 12. g3 Nc6 13. Bg2 Rc8 14. d3 Qd7 15.
b3 Rfd8 16. Bf4 Nd4 17. Rc1 b5 18. Be5 b4 19. Ne2 Nc6 20. Bb2 Nd5 21. Qd2 Bf6
22. Bxf6 Nxf6 23. Qg5 Nd4 24. Nxd4 cxd4 25. Re2 h6 26. Qa5 Qd6 27. Bb7 Rc5 28.
Qxa6 Qc7 29. Bf3 Rc8 30. Qb7 Qa5 31. Bg2 Rc3 32. Rce1 R8c7 33. Qb8+ Rc8 34. Qd6
Rxc2 35. Rxc2 Rxc2 36. Qxd4 Rc3 37. Rb1 Qc7 38. Qxb4 Rc2 39. h3 Qe5 40. a5 Qe2
41. Rf1 1-0

[Event "Titled Tue 3rd Jun Early"]
[Site "chess.com INT"]
[Date "2025.06.03"]
[Round "1"]
[White "Nepomniachtchi, Ian"]
[Black "Aditya, Varun Gampa"]
[Result "1-0"]
[WhiteTitle "GM"]
[BlackTitle "FM"]
[WhiteElo "2757"]
[BlackElo "2192"]
[WhiteFideId "4168119"]
[BlackFideId "45066183"]
[EventDate "2025.06.03"]

1. e4 c5 2. Nf3 a6 3. c4 Nc6 4. d4 cxd4 5. Nxd4 e5 6. Nf5 d5 7. cxd5 Bxf5 8.
exf5 Nd4 9. Nc3 Nf6 10. Qd3 Be7 11. g3 Nxd5 12. a3 O-O 13. Ne2 Bb4+ 14. Nc3
Bxc3+ 15. bxc3 Nxc3 16. Bd2 e4 17. Qxc3 Nf3+ 18. Kd1 Rc8 19. Qe3 Nxd2 20. Qxd2
Qf6 21. Qa2 Rfd8+ 22. Ke2 Qxf5 23. Bg2 Qb5+ 24. Ke1 Qa5+ 25. Kf1 Rd2 26. Qb3
Rcc2 27. Qe3 Qe5 28. Re1 Qf6 29. Kg1 Rxf2 30. Bxe4 Rcd2 31. Bf3 g5 32. Bxb7 Kg7
33. h4 gxh4 34. Rxh4 Rf5 35. Rg4+ Kf8 36. Qe8# 1-0